Statistics for Updated Top 5 Cities in Maine by Population

Click here to take the quiz!

General Stats

  • This quiz has been taken 46 times
  • The average score is 3 of 5

Answer Stats

CountyCity% Correct
CumberlandPortland
100%
PenobscotBangor
88%
AndroscogginLewiston
66%
CumberlandSouth Portland
47%
AndroscogginAuburn
34%

Score Distribution

Percentile by Number Answered

Percent of People with Each Score

Your Score History

You have not taken this quiz